01320nab a22002057a 4500003000400000005001700004008004100021040000700062100002800069245007400097260007300171300001300244500004500257505053000302505008900832650001800921650002200939650001300961773014000974OSt20251113102932.0190604e xxu||||| |||| 00| 0 spa d cPJ aFarini Duggan, Tomás 13aLa ley 27.786 de Organizaciones Criminales /cFarini Duggan, Tomás  aCiudad Autónoma de Buenos Aires :bThomson Reuters La Ley, c2025. ap. 28-44 aCita Online: TR LALEY AR/DOC/1155/2025.  tSumario: I. Marco general de la ley 27.786.— II. Introducción.— III. El contenido de la ley.— IV. Decomiso: antecedentes y evolución.— V. Naturaleza jurídica.— VI. Decomiso sin condena.— VII. Antecedentes del decomiso sin condena.— VIII. El caso de lavado de activos de origen ilícito.— IX. De la vinculación entre el lavado y el decomiso.— X. La ley 27.786 y la posibilidad de establecer decomiso sin sentencia.— XI. Revisión jurisprudencial del decomiso sin condena.— XII. Conclusión.  t¿Te interesa el texto completo? Solicitalo al correo: koha@justierradelfuego.gov.ar 0aDERECHO PENAL 0aLAVADO DE ACTIVOS 0aDECOMISO0 02714dCiudad Autónoma de Buenos Aires : Thomson Reuters La Ley, 2014-tRevista anales de legislación argentina. Nº 6 - Junio 2025.